Statistiken für Alle Haltestellen der Straßenbahn Dresden

Klicken Sie hier um das Quiz zu spielen!

Allgemein

  • Dieses Quiz wurde 168 mal gespielt
  • Das Durchschnittsergebnis liegt bei 50 aus 258

Antwortstatistiken

Antwort% Korrekt
Hauptbahnhof
81%
Postplatz
68%
Pirnaischer Platz
61%
Albertplatz
58%
Altmarkt
58%
Hauptbahnhof Nord
58%
Straßburger Platz
55%
Bahnhof Neustadt (Hansastraße)
53%
Anton-/Leipziger Straße
52%
Prohlis Gleisschleife
52%
Bahnhof Neustadt
51%
Bahnhof Mitte
49%
Nürnberger Platz
47%
Lennéplatz
46%
S-Bahnhof Strehlen
46%
Wasaplatz
46%
Betriebshof Gorbitz
45%
Mickten
45%
Löbtau, Tharandter Straße
44%
Walpurgisstraße
44%
Bautzner/Rothenburger Straße
43%
Synagoge
43%
Coschütz
42%
Fetscherplatz
42%
S-Bahnhof Freiberger Straße
42%
Weixdorf
42%
Wilder Mann
42%
Dt. Hygiene-Museum
41%
ElbePark
41%
Carolaplatz
40%
Hellerau Kiefernweg
39%
Pennrich Gleisschleife
39%
Zwinglistraße
39%
Striesen, Altenberger Straße
38%
Weinböhla
37%
S-Bahnhof Niedersedlitz
36%
Striesen, Ludwig-Hartmann-Straße
36%
Zoo
36%
Bühlau Ullersdorfer Platz
35%
Kaditz Riegelplatz
35%
Münchner Platz
35%
Radebeul West, Flemmingstraße
35%
Sachsenallee
35%
S-Bahnhof Dobritz
35%
Theaterplatz
35%
Gret-Palucca-Straße
34%
Laubegast, Kronstädter Platz
34%
Neustädter Markt
34%
Bischofsweg
33%
Cotta, Gottfried-Keller-Straße
32%
Kongresszentrum
32%
Leutewitz
32%
Messe Dresden
32%
Reichenbachstraße
32%
Blasewitz, Schillerplatz
31%
Zschertnitz Münzmeisterstraße
31%
Infineon Nord
30%
Kleinzschachwitz, Freystraße
30%
Krankenhaus St. Joseph-Stift
30%
Plauen, Nöthnitzer Straße
30%
Rosa-Luxemburg-Platz
30%
Budapester Straße
29%
Stauffenbergallee
29%
Waldschlößchen
29%
Infineon Süd
28%
Koreanischer Platz
28%
Radebeul Ost
28%
Alaunplatz
27%
Altpieschen
27%
Louisenstraße
27%
Pohlandplatz
27%
Südvorstadt
27%
Wölfnitz
27%
Alter Schlachthof
26%
Amalie-Dietrich-Platz
26%
Görlitzer Straße
25%
Heeresbäckerei
25%
S-Bahnhof Industriegelände
25%
Bergmannstraße
24%
Mosenstraße
24%
S-Bahnhof Bischofsplatz
23%
Strehlener Platz
23%
Trachenberger Platz
23%
Querallee
22%
Zellescher Weg
22%
Comeniusplatz
21%
Liststraße
21%
Am Zwingerteich
20%
Blasewitzer/Fetscherstraße
20%
Bünaustraße
20%
Spenerstraße
20%
St. Benno-Gymnasium
20%
Wasserwerk Tolkewitz
20%
Abzweig nach Reick
19%
Albert-Wolf-Platz
19%
Augsburger Straße
19%
Gompitz, Gompitzer Höhe
19%
Grundstraße
19%
Oederaner Straße
19%
Otto-Dix-Ring
19%
Palaisplatz
19%
Rosenstraße
19%
Schweriner Straße
19%
Alexander-Puschkin-Platz
18%
Georg-Arnhold-Bad
18%
Gottleubaer Straße
18%
Hamburger Straße
18%
Hugo-Bürkner-Straße
18%
Jacob-Winter-Platz
18%
Krankenhaus Friedrichstadt
18%
Lipsiusstraße
18%
Mockritzer Straße
18%
Pennricher Straße
18%
Berthold-Haupt-Straße
17%
Karcherallee
17%
Tolkewitz Schulcampus
17%
Alttrachau
16%
Cämmerswalder Straße
16%
Cottaer Straße
16%
Dorothea-Erxleben-Straße
16%
Flügelweg
16%
Großenhainer Platz
16%
Marienberger Straße
16%
Prellerstraße
16%
Räcknitzhöhe
16%
Altleuben
15%
Elbschlösser
15%
Johannisfriedhof
14%
Jüngststraße
14%
Königsheimplatz
14%
Lene-Glatzer-Straße
14%
Mordgrundbrücke
14%
Rennplatzstraße
14%
Saarstraße
14%
Achtbeeteweg
13%
Altcotta
13%
Breitscheidstraße
13%
Diakonissenkrankenhaus
13%
Festspielhaus Hellerau
13%
Hebbelplatz
13%
Leubener Straße
13%
Liebstädter Straße
13%
Lohrmannstraße
13%
Wernerstraße
13%
Altreick
12%
Bremer Straße
12%
Cäcilienstraße
12%
Coswig Zentrum/Börse
12%
Georg-Palitzsch-Straße
12%
Hermann-Seidel-Straße
12%
Hubertusplatz
12%
Hülßestraße
12%
Julius-Vahlteich-Straße
12%
Karl-Marx-Straße
12%
Kirschenstraße
12%
Koblenzer Straße
12%
Kotteweg
12%
Merianplatz
12%
Messering (Halle 1)
12%
Oschatzer Straße
12%
Permoserstraße
12%
Plattleite
12%
Schwimmhalle Bühlau
12%
Semmelweisstraße
12%
Straße des 17. Juni
12%
Trinitatisplatz
12%
Burgkstraße
11%
Dahlienweg
11%
Friedhof Leuben
11%
Gabelsberger Straße
11%
Gustav-Freytag-Straße
11%
Hauptstraße
11%
Heinrich-Schütz-Straße
11%
Schlehenstraße
11%
Zeithainer Straße
11%
Alttolkewitz
10%
Chamissostraße
10%
Coventrystraße
10%
Dürerstraße
10%
Eugen-Bracht-Straße
10%
Haltepunkt Weixdorf Bad
10%
Lößnitzstraße
10%
Rankestraße
10%
Schloss Wackerbarth
10%
Schwimmhalle Freiberger Platz
10%
Wieckestraße
10%
Altnossener Straße
9%
An der Flutrinne
9%
Forststraße
9%
Hellersiedlung
9%
Lassallestraße
9%
Prof.-Ricker-Straße
9%
Rathaus Pieschen
9%
Wasastraße
9%
Washingtonstraße
9%
Zur Neuen Brücke
9%
Bürgerstraße
8%
Conertplatz
8%
Cossebauder Straße
8%
Eisenbahnbrücke
8%
Hegereiterstraße
8%
Käthe-Kollwitz-Platz
8%
Kleestraße
8%
Landesbühnen Sachsen
8%
Radebeuler Straße
8%
Salzstraße
8%
S-Bahnhof Trachau West
8%
Tannenstraße
8%
Waltherstraße
8%
Friedensstraße
7%
Guerickestraße
7%
Manitiusstraße
7%
Nordstraße
7%
Trattendorfer Straße
7%
Angelikastraße
6%
Auerstraße
6%
Dr.-Külz-Straße
6%
Fuchsberg
6%
Gellertstraße
6%
Gerhart-Hauptmann-Straße
6%
Heckenweg
6%
Köhlerstraße
6%
Messe Gleisschleife
6%
Meußlitzer Straße
6%
Moritzburger Straße
6%
Moritzburger Weg
6%
Pulsnitzer Straße
6%
Rathaus Coswig
6%
Rauensteinstraße
6%
Sörnewitzer Straße
6%
Am Hellerrand
5%
Industriepark Klotzsche
5%
Johannisbergstraße
5%
Peschelstraße
5%
Rottwerndorfer Straße
5%
Trachauer Straße
5%
Alberthafen
4%
Am Weißen Adler
4%
Arkonastraße
4%
Birkenhainer Straße
4%
Brockwitzer Straße
4%
Brunnenweg
4%
Försterlingstraße
4%
Gradsteg
4%
Großglocknerstraße
4%
Laibacher Straße
4%
Ockerwitzer Straße
4%
Rudolf-Walther-Straße
4%
Steinbacher Weg
4%
Vorwerkstraße
4%
Weißeritzstraße
4%
Zinzendorfstraße
4%
Borstraße
3%
Maltestraße
3%
Schildenstraße
3%
Wilhelminenstraße
3%
Zillerstraße
3%
Heinrich-Tessenow-Weg
2%

Verteilung der Resultate

Perzentil nach korrekt beantworteten Fragen

Anzahl Personen mit jedem Resultat

Ihre Resultats-Entwicklung

Sie haben dieses Quiz noch nicht gespielt